[Event "World ol U16"]
[Site "Ahmedabad"]
[Date "2017.12.16"]
[Round "6.3"]
[White "Wickramasinghe, Banuka Nimsith"]
[Black "Asavasaetakul, Chawit"]
[Result "1-0"]
[WhiteElo "1696"]
[BlackElo "1704"]
[PlyCount "79"]
[EventDate "2017.12.11"]
[EventType "team-swiss"]
[EventRounds "9"]
[EventCountry "IND"]
[SourceTitle "CBM 182 Extra"]
[Source "ChessBase"]
[SourceDate "2018.02.23"]
[SourceVersion "1"]
[SourceVersionDate "2018.02.23"]
[SourceQuality "1"]
[WhiteTeam "Sri Lanka"]
[BlackTeam "Thailand"]
[WhiteTeamCountry "SRI"]
[BlackTeamCountry "THA"]

1. e4 e5 2. Nf3 Nc6 3. Bc4 Bc5 4. c3 Nf6 5. d4 exd4 6. cxd4 Bb4+ 7. Bd2 Nxe4 8. Bxb4 Nxb4 9. Bxf7+ Kxf7 10. Qb3+ d5 11. Ne5+ Ke7 12. Qxb4+ Qd6 13. Qb3 c6 14. 0-0 Re8 15. Re1 c5 16. Nc3 c4 17. Qb5 Be6 18. Qxb7+ Kf8 19. Nxe4 dxe4 20. Qxe4 Kg8 21. Re3 Rad8 22. Rae1 Bd5 23. Qh4 Re6 24. Rg3 Rde8 25. Ree3 Qb4 26. Qg5 Rg6 27. Qh5 Qxb2 28. h3 Qxd4 29. Nxg6 Rxe3 30. Rxe3 hxg6 31. Qxg6 Bf7 32. Qg3 Qa1+ 33. Kh2 Qxa2 34. Qb8+ Kh7 35. Qf4 Kg8 36. Rf3 Bg6 37. Rg3 Bd3 38. Qf6 g6 39. Re3 Qa5 40. Re8+ 1-0

[Event "World ol U16"]
[Site "Ahmedabad"]
[Date "2017.12.12"]
[Round "3.3"]
[White "Kapitanchuk, Tomas"]
[Black "Wickramasinghe, Banuka Nimsith"]
[Result "1-0"]
[WhiteElo "2134"]
[BlackElo "1696"]
[PlyCount "93"]
[EventDate "2017.12.11"]
[EventType "team-swiss"]
[EventRounds "9"]
[EventCountry "IND"]
[SourceTitle "CBM 182 Extra"]
[Source "ChessBase"]
[SourceDate "2018.02.23"]
[SourceVersion "1"]
[SourceVersionDate "2018.02.23"]
[SourceQuality "1"]
[WhiteTeam "Argentina"]
[BlackTeam "Sri Lanka"]
[WhiteTeamCountry "ARG"]
[BlackTeamCountry "SRI"]

1. e4 d6 2. d4 Nf6 3. Nc3 Nbd7 4. Nf3 e5 5. Bc4 Be7 6. 0-0 c6 7. a4 Qc7 8. a5 h6 9. Re1 g5 10. Be3 Nf8 11. d5 Ng6 12. Qb1 0-0 13. Qa2 Bd7 14. b4 Kg7 15. a6 b6 16. dxc6 Bxc6 17. Nd2 Rac8 18. Bb3 g4 19. Rac1 h5 20. Ba4 h4 21. Bb5 Ba8 22. Nd5 Nxd5 23. exd5 f5 24. Nf1 f4 25. Bd2 Bd8 26. Bd3 Qf7 27. c4 g3 28. Qc2 Ne7 29. Qd1 f3 30. gxf3 Qxf3 31. fxg3 Qxd3 32. Bh6+ Kxh6 33. Qxd3 b5 34. Ne3 Bb6 35. c5 dxc5 36. bxc5 Bxc5 37. d6 Nd5 38. Rxc5 Rxc5 39. Nf5+ Kh7 40. Ne7+ Kh8 41. Ng6+ Kg8 42. Nxf8 Kxf8 43. Rxe5 Rc1+ 44. Kf2 Nf6 45. Qf5 Kf7 46. Re7+ Kg8 47. Qg6+ 1-0

[Event "World ol U16"]
[Site "Ahmedabad"]
[Date "2017.12.12"]
[Round "2.3"]
[White "Wickramasinghe, Banuka Nimsith"]
[Black "Fourie, Louhan"]
[Result "0-1"]
[WhiteElo "1696"]
[BlackElo "1686"]
[PlyCount "68"]
[EventDate "2017.12.11"]
[EventType "team-swiss"]
[EventRounds "9"]
[EventCountry "IND"]
[SourceTitle "CBM 182 Extra"]
[Source "ChessBase"]
[SourceDate "2018.02.23"]
[SourceVersion "1"]
[SourceVersionDate "2018.02.23"]
[SourceQuality "1"]
[WhiteTeam "Sri Lanka"]
[BlackTeam "South Africa II"]
[WhiteTeamCountry "SRI"]
[BlackTeamCountry "RSA"]

1. e4 c5 2. Nf3 Nc6 3. d4 cxd4 4. Nxd4 Nf6 5. Nc3 d6 6. f3 e6 7. Be3 a6 8. Qd2 Be7 9. g4 Qc7 10. 0-0-0 b5 11. h4 Bb7 12. h5 b4 13. Na4 Ne5 14. Be2 d5 15. g5 Nfd7 16. f4 Nc4 17. Bxc4 dxc4 18. g6 Bxe4 19. gxf7+ Kxf7 20. Rhg1 g6 21. Rg3 Nf6 22. hxg6+ hxg6 23. Rdg1 Rag8 24. Ne2 b3 25. axb3 cxb3 26. c3 Rd8 27. Nd4 Qa5 28. Rxg6 Bxg6 29. Rxg6 Kxg6 30. Qg2+ Kf7 31. Nc6 Qxa4 32. Ne5+ Kf8 33. Ng6+ Ke8 34. Bd4 Qa1+ 0-1

[Event "Asian Schools-ch U13 op 10th"]
[Site "Taichung"]
[Date "2014.08.24"]
[Round "2.3"]
[White "Wickramasinghe, Banuka Nimsith"]
[Black "Piyumantha, M Sasith Nipun"]
[Result "0-1"]
[WhiteElo "1436"]
[BlackElo "1661"]
[PlyCount "118"]
[EventDate "2014.08.24"]
[EventType "swiss"]
[EventRounds "9"]
[EventCountry "TPE"]
[SourceTitle "EXT 2024"]
[Source "ChessBase"]
[SourceDate "2023.10.10"]
[SourceVersion "1"]
[SourceVersionDate "2023.10.10"]
[SourceQuality "1"]

1. e4 c5 2. Nf3 Nc6 3. d4 cxd4 4. Nxd4 g6 5. Nc3 Bg7 6. Be3 Nf6 7. f3 0-0 8. Bc4 Qb6 9. Ncb5 a6 10. Nf5 Qd8 11. Nh6+ Bxh6 12. Bxh6 axb5 13. Bxf8 Kxf8 14. Bb3 Qa5+ 15. c3 b4 16. c4 Qc5 17. Qd2 Qd4 18. 0-0-0 Qxd2+ 19. Rxd2 e5 20. Kb1 Nd4 21. Bd1 d6 22. b3 Be6 23. Be2 Ke7 24. Rc1 Nd7 25. Kb2 Nc5 26. Bd1 f5 27. Bc2 Nxc2 28. Rcxc2 fxe4 29. Rd1 exf3 30. gxf3 Bf5 31. Rcd2 e4 32. Re1 Kd7 33. fxe4 Bxe4 34. Red1 Nd3+ 35. Rxd3 Bxd3 36. Rxd3 Ra5 37. Rd2 Kc6 38. Re2 Re5 39. Rf2 h5 40. Kc2 g5 41. Kd3 g4 42. Rg2 Kc5 43. Rg1 Rf5 44. Rg2 Rf3+ 45. Ke4 Rf8 46. Rd2 Re8+ 47. Kf4 Re5 48. Kg3 Re3+ 49. Kf4 Rf3+ 50. Kg5 Rh3 51. Kf4 b5 52. cxb5 Kxb5 53. Kg5 Kc5 54. Kf4 d5 55. Kf5 d4 56. Kg5 d3 57. Kf6 Kd4 58. Rf2 Rf3+ 59. Rxf3 gxf3 0-1